Statistiques concernant Les légumes dans le titre de films

Cliquez ici pour prendre le quiz!

Statistiques générales

  • Ce quiz a été pris 421 fois
  • Le résultat moyen est 5 sur 10

Statistiques - réponses

TitreLégume% Correct
Poil de ...carotte
99%
La soupe aux ...choux
99%
Jack et le ... magiqueharicot
95%
Artémis, coeur d' ...artichaut
82%
Ma vie de ...courgette
58%
Prends l' ... et tire-toioseille
43%
L' ... du diableavocat
25%
... russessalades
19%
Le mangeur de ...citrouilles
7%
Le ... de la viepiment
7%

Distribution des résultats

Percentile par nombre de réponses

% des personnes avec chaque résultat

Votre développement - résultats

Vous n’avez pas pris ce quiz